LEADER 01218nam a2200265 4500 001 000000367308 003 CaOOAMICUS 005 20260423142340.0 008 260417s2024 it 000 u ita r 040 $aSeMil$bita 100 1 $aLigato, Giuseppe,$d<1959- >.$0(OLS)http://semarc/name/85005 245 13$aLe armate di Dio :$btemplari, ospitalieri e teutonici in Terra Santa /$cGiuseppe Ligato. 264 1$aMilano :$bRCS MediaGroup,$c2024. 300 $a158 p. ;$c21 cm 490 1 $aItinerari nella storia ;$v21 650 4$aOrdine Teutonico.$0(OLS)http://semarc/subject/5047 650 4$aOrdine ospitaliero di San Giovanni di Gerusalemme.$0(OLS)http://semarc/subject/60081 650 4$aOrdine dei Templari.$0(OLS)http://semarc/subject/6025 830 0$aItinerari nella storia ;$v21.$0(OLS)http://semarc/title/454217 850 $aSeMil 852 $aSeMil$W1$xVenegono$y1$m3T II 108$j270800$B258023$CSeMilBibl$Z2$F258023 $81 961 $aCaspani Maurizio - Lascito 996 $6245$aLe armate di Dio :$btemplari, ospitalieri e teutonici in Terra Santa$9(OLS)http://semarc/title/459216 996 $6264$aMilano :$bRCS MediaGroup$9(OLS)http://semarc/publisher/37594